Las aventuras de Tom Sawyer
محفوظ في:
| المؤلف الرئيسي: | |
|---|---|
| التنسيق: | كتاب |
| اللغة: | الإسبانية |
| منشور في: |
Santiago
Zig-Zag
2005
|
| الطبعة: | 24a. ed |
| سلاسل: | Colección Viento Joven
|
| الموضوعات: | |
| الوسوم: |
إضافة وسم
لا توجد وسوم, كن أول من يضع وسما على هذه التسجيلة!
|
MARC
| LEADER | 00000nam a2200000 a 4500 | ||
|---|---|---|---|
| 001 | UCG0138 | ||
| 003 | CL-VaPUC | ||
| 008 | 100312e20050000CL |||||||||||||||||spa|d | ||
| 020 | |a 9561214334 | ||
| 082 | 0 | 4 | |a 813 |b TWA |2 21 |
| 100 | 0 | |a Twain, Mark |e author |9 243 | |
| 245 | 1 | 4 | |a Las aventuras de Tom Sawyer |
| 250 | |a 24a. ed | ||
| 300 | |a 135 p | ||
| 942 | |c BK | ||
| 945 | |d 20100312 00:00:00 |a cmena | ||
| 260 | |a Santiago |b Zig-Zag |c 2005 | ||
| 650 | 0 | |a Novelas estadounidenses |9 265217 | |
| 650 | 0 | |a Literatura estadounidense |9 317168 | |
| 583 | |a last modification |c 20100312 00:00:00 |k Rodrigo Vera | ||
| 490 | 0 | |a Colección Viento Joven | |
| 999 | |c 339885 |d 339883 | ||